[Event "London"]
[Site "London"]
[Date "1984.??.??"]
[Round "?"]
[White "Torre, Eugenio"]
[Black "Karpov, Anatoly"]
[Result "1-0"]
[WhiteElo "2565"]
[BlackElo "2700"]

1.d4 Nf6 2.c4 e6 3.Nc3 Bb4 4.e3 c5 5.Ne2 cxd4 6.exd4 O-O 7.a3 Be7 8.d5 exd5
9.cxd5 Bc5 10.b4 Bb6 11.Na4 d6 12.Nxb6 axb6 13.Ng3 Re8+ 14.Be2 Re5 15.Bb2 Rxd5
16.Qc1 Nc6 17.O-O Ne5 18.Qe3 Be6 19.h3 b5 20.Rac1 Bd7 21.Rfe1 Rc8 22.Rxc8 Qxc8
23.f4 Ng6 24.Bxf6 gxf6 25.Bf3 Qc4 26.Bxd5 Qxd5 27.Ne4 Kg7 28.Nxf6 Kxf6 29.Qc3+ Ne5
30.fxe5+ dxe5 31.Rf1+ Ke6 32.Qc2 e4 33.Qc3 f5 34.Qg7 Qd2 35.Qxh7 Qe3+ 36.Kh2 Qg5
37.h4 Qg4 38.Qh6+ Ke5 39.Qg5 Qxg5 40.hxg5 e3 41.g6 Kf6 42.Kg3 Be6 43.Kf4 e2
44.Re1 Bc4 45.g7 Kxg7  1-0